Name the dunk lows - Statistics

General Stats
  • This quiz has been taken 4 times
  • The average score is 9 of 16
Answer Stats
Picture Answer % Correct
Brazil
100%
Panda
100%
Cactus Plant Flea Market
67%
Fruity Pebbles
67%
Halloween
67%
Jackie Robinson
67%
Off-White
67%
Union
67%
Valentine's Day
67%
Barbershop
33%
Cacao wow
33%
Fragment x Clot
33%
Midas Gold
33%
Plum
33%
Syracuse
33%
Ugly Duckling
33%
No matching quizzes found
Score Distribution
Percent of People with Each Score
Percentile by Number Answered
Your Score History
You have not taken this quiz